000 00558nam a2200157 i 4500
001 129603
003 ES-MaACL
005 20260201063015.0
007 t|
008 070626s1903 fr ||||1| fre d
100 1 _aThiers, Adolphe,
_d1797-1877
_9173508
245 1 0 _aNotes et souvenirs de Adolphe Thiers 1870-1873
_b: voyage diplomatique. Proposition d'un armistice.--Préliminaires de la paix /
_cPrésidence de la République.
260 _aParis :
_b[s.n.],
_c1903 (
_fF. Schmidt Fils)
852 _aES-MaACL
_jF-1328
999 _c129603
_d129603